000 00919nam a2200217Ia 4500
008 081213s9999 xx 000 0 und d
020 _a0970028482
050 _aBV660.2
_b.M67 2004
082 _a254
_bMOR
100 _aMorrison, Philip E.
245 _aThe multi-church pastor:
_ba manual for training leadership in a multi-church setting/
_cPhilip E. Morrison
260 _c2004
_aAllentown, USA
_bGratia Veritas publishers
300 _a133 p.;
500 _aincludes bibliobgraphy
650 _aPastoral theology
650 _aChristian leadership
650 _aClergy
942 _cBK
_2lcc
999 _c25795
_d25795